Responses for Show #5362 - Tuesday, December 25, 2007

Cora Peck game 5.

Contestants

[<< previous game]

Deb Brady, a homemaker from Pittsburgh, Pennsylvania

Wendell Watkins, a mailman from Detroit, Michigan

Cora Peck, a teacher and graduate student from Aliso Viejo, California (whose 4-day cash winnings total $102,402)

[next game >>]

Jeopardy! Round responses

THE FEMININE MISTAKE
THEIR FIRST NO. 1 POP HIT
ROCKS & MINERALS
YE OLDE BIG APPLE
ANNUAL EVENTS
FURNITURE WORDS
    $200 21
Anne Boleyn

Cora
    $200 1
The Police

Wendell
    $200 26
red

Wendell
    $200 6
yellow

Deb
    $200 11
St. Patrick's Day

Deb
    $200 12
the table

Deb
    $400 22
Calamity Jane

Cora
    $400 2
John Denver

Deb
    $400 27
(Deb: What is obsidian?)

lava

Deb
Triple Stumper
    $400 7
Babe Ruth

Wendell
    $400 17
hitchhiking

Cora
    $400 13
the Cabinet

Cora
    $600 23
Medusa

Wendell
    $600 3
Donovan

Wendell
    $600 28
(Alex: Pb for plumbum or [*].)

lead

Triple Stumper
    $600 8
pigs

Wendell
    $600 18
President's Day

Cora
    $600 14
(Deb: What is a bog?)

bed

WendellDeb
    $800 24
Mata Hari

Cora
    $800 4
(Deb: Who is Janet Jackson?)

OutKast

Deb
Triple Stumper
    $800 29
slate

Wendell
    $500 9
(Wendell: What's the Ritz-Carlton?)

Waldorf-Astoria

Wendell
    $800 19
(Deb: What is Rio de Janeiro?)
...
(Alex: Yes, Rio's in Brazil.)

Buenos Aires

WendellDeb
    $800 15
the Ottoman Empire

Deb
    $1000 25
(Deb: Who is Peron?)
(Alex: Be more specific.)

Evita Peron

Deb
    $1000 5
Yes

Deb
    $1000 30
(Alex: And therefore it is the softest, and the softest is [*].)

talc

Triple Stumper
    $1000 10
the Triangle factory

Wendell
    $1000 20
(Cora: What is New Orleans?)

Memphis

CoraDeb
    $1000 16
to couch

Deb

Scores at the first commercial break (after clue 16):

Cora Wendell Deb
$400 $2,900 $2,400

Scores at the end of the Jeopardy! Round:

Cora Wendell Deb
$1,800 $5,300 $3,200

Double Jeopardy! Round responses

GREEK & ROMAN POTPOURRI
KEVIN-SENT
BOOK DEDICATIONS
PASTA
DUCHY
TO THE "LEFT" HAND SIDE
    $400 26
(Deb: What is a T-bird?)

chariot

CoraDeb
    $400 3
Kevin Kline

Deb
    $400 11
Dickens

Triple Stumper
    $400 18
(Cora: What is supper?)
...
(Alex: Paternoster... "Our father"... It's a [*].)

prayer

Cora
Triple Stumper
    $400 1
Warsaw

Cora
    $400 13
"I Left My Heart In San Francisco"

Deb
    $800 27
Doric

Wendell
    $800 4
Kevin Nealon

Cora
    $800 12
F. Scott Fitzgerald

Triple Stumper
    $800 19
elbow

Deb
    $800 2
Helsinki

Wendell
    $800 14
the Left Bank

Wendell
    $1200 28
eleven

Triple Stumper
    $1200 5
Kevin Garnett

Cora
    $1,500 23
(Deb: What is the Warren Commission?)
(Alex: No. "To the President's other men". The book was called All the President's Men.)

Woodward & Bernstein

Deb
    $1200 20
wheels

Deb
    $1200 8
Belgium

Cora
    $1200 15
(Wendell: "The King"--What is "The King has left the building"?)
(Deb: What is "Elvis has just left the building"?)

Elvis has left the building

CoraWendellDeb
    $1600 29
[The end-of-round signal sounds.]

heating

Cora
    $1600 6
Kevin Costner

Deb
    $1600 24
(Elie) Wiesel

Deb
    $1600 21
(Alex: Semper fi. [*]. Fidelini--fidele.)

faithful

Triple Stumper
    $1600 9
Tuscany

Triple Stumper
    $1600 16
No Child Left Behind

Deb
    $2000 7
Kevin Sorbo

Cora
    $2000 25
(Cora: What is O Pioneers!?)

My Antonia

Cora
Triple Stumper
    $2,500 22
(Deb: What is braid?)

twins

Deb
    $2000 10
Luxembourg

Cora
    $2000 17
My Left Foot

Deb

Scores at the end of the Double Jeopardy! Round:

Cora Wendell Deb
$10,200 $6,500 $7,200

[wagering suggestions for these scores]

Final Jeopardy! Round responses

FRENCHMEN IN HISTORY
(Alex: [*], the artist.)
WendellWho was ???
$6,500
DebWho was Talleyrand?
$4,500
CoraWho was David?
$4,201
Jacques-Louis David

Final scores:

Cora Wendell Deb
$14,401 $0 $2,700
5-day champion: $116,803 3rd place: $1,000 2nd place: $2,000

Game dynamics:

Coryat scores:

Cora Wendell Deb
$10,200 $7,000 $11,200
15 R,
3 W
13 R,
2 W
(including 1 DD)
17 R,
8 W
(including 2 DDs)

Combined Coryat: $28,400

[game clues] [game scores] [suggest correction]

Game tape date: 2007-09-11
The J! Archive is created by fans, for fans. Scraping, republication, monetization, and malicious use prohibited; this site may use cookies and collect identifying information. See terms. The Jeopardy! game show and all elements thereof, including but not limited to copyright and trademark thereto, are the property of Jeopardy Productions, Inc. and are protected under law. This website is not affiliated with, sponsored by, or operated by Jeopardy Productions, Inc. Join the discussion at JBoard.tv.